000
00325nam a22001337a 4500
008
170330b xxu||||| |||| 00| 0 eng d
020
_a
0898623928
041
_a
eng
080
_a
616-053.2
100
_a
8
101
_a
SHM
245
_a
HANDBOOK OF PSYCHOLOGICAL ASSESSMENT OF CHILDREN
_c
REYNOLDS, C.R
942
_2
udc
_c
BK
999
_c
9157
_d
9157